000 00844nam a22002297a 4500
008 081022t xxu||||| |||| 00| 0 eng d
010 _aENG-91416
020 _a9788120331969
_c275.00
035 _aEN-74949
037 _bDBAD / PUB
040 _adpl
_bEnglish
082 _a660
100 _aJana, Amiya K.
_936244
245 _aChemical process modelling and computer simulation /
_cby Amiya K. Jana
260 _aNew Delhi
_bPrentice Hall of India
_c2008
270 _aM-97m Connaught Circus,
_bNew Delhi
_e110012
300 _axiv, 273p.
_c25cm (pbk)
500 _aIncludes references and index
650 _aChemical engineering
_936245
942 _2ddc
_cEN
_mJAN
_h660
999 _c17191
_d17191